Taylor Swift - Chansons par emoji 3 - Statistiques

Statistiques générales
  • Ce quiz a été pris 2 212 fois
  • Le résultat moyen est 9 sur 20
Statistiques - réponses
Emojis Chansons % Correct
1️⃣5️⃣ Fifteen
89%
☮️ Peace
83%
🥂😵‍💫 Champagne Problems
80%
📸➡️🔥 Picture to Burn
68%
👨 The Man
67%
👋👋👶 Bye Bye Baby
65%
⭐️🔦 Starlight
65%
☝️ The 1
48%
🗣❓ Questions...?
47%
🦹 Superman
47%
😡👩 Mad Woman
45%
🤝📴 Shake it Off
35%
🎅👶 Santa Baby
34%
🍬_ Sweet Nothing
33%
🫵🧘‍♀️⬇️ You Need to Calm Down
31%
👱‍♀️➡️🏡 Girl at Home
30%
💜🌫 Lavender Haze
29%
🙅‍♀️❌🫵 Don’t You
9%
🫵❌🙏 You’re Not Sorry
6%
🛣🙋‍♀️❤️🫵 The Way I Loved You
4%
Aucun quiz correspondant
Distribution des résultats
% des personnes avec chaque résultat
Percentile par nombre de réponses
Votre historique - résultats
Vous n’avez pas pris ce quiz